О созыве Съезда Астрономов в СССР

Доступно только в Электронных читальных залах Найти на картеНа карте
RUSMARC
00003763nac2a22002533x 450
001767ae820-8818-4520-80b3-f5430ee40d2c
00520231228103511.0
100##$a20231107l19301930k y0rusy50 ca
1010#$arus
$aeng
102##$aRU
105##$ay z |||||
1222#$ad19300801
$ad19300809
2001#$aО созыве Съезда Астрономов в СССР
$j01.08.1930 - 09.08.1930
215##$a2 листа
$d35,5 х 24,8
251##$cДело
300##$aЧасть текста на английском языке
300##$aЧасть текста машинописная и рукописная, часть - напечатана типографским способом
461#0$1001796d4672-8a00-4986-b488-6e42273792cc
$12001
$aЦЕНТРАЛЬНЫЙ ИСПОЛНИТЕЛЬНЫЙ КОМИТЕТ СССР (ЦИК СССР).
$1251
$cФонд
$1852
$gР
$j3316
462#0$10017ec774ca-f130-4901-bc43-09a1cb14aa51
$12001
$aДела Секретариата Президиума ЦИК Союза ССР. 1930 г.
$vД. 632
$1251
$cОпись
$1852
$j23
60101$3RU\NLR\AUTH\880357276
$aСССР
$bЦИК
60102$aСъезд астрономов (; 1932; Ленинград)
801#0$aRU
$bGA_RF
801#1$aRU
$bГлавНИВЦ
$c20231107
$2rusmarc
801#2$aRU
$bПБ им. Б.Н. Ельцина
$c20231228
$gRCR
$2rusmarc
852##$aГА РФ
$j632
937##$d190267880
$hГАРФ
035##$aRuPRLIB51075041
856##$uhttp://readingroom.main.prlib.ru/item.aspx?id_node=n190267880&mode=full
Формат отображения